La artillería / (Record no. 160972)

MARC details
000 -LEADER
campo de control de longitud fija 00888nam a22002295i 4500
001 - NÚMERO DE CONTROL
campo de control 160972
003 - IDENTIFICADOR DE NÚMERO DE CONTROL
campo de control ES-MaACL
005 - FECHA Y HORA DE LA ÚLTIMA TRANSACCIÓN
campo de control 20230906212151.0
008 - DATOS DE LONGITUD FIJA--INFORMACIÓN GENERAL
campo de control de longitud fija 021209s1897 sp |||| | spa d
040 ## - FUENTE DE CATALOGACIÓN
Centro catalogador/agencia de origen CCPB | B
Lengua de catalogación spa
Centro/agencia transcriptor CCPB | B
100 1# - ENTRADA PRINCIPAL--NOMBRE DE PERSONA
Nombre de persona Oliver-Copóns, Eduardo.
9 (RLIN) 86834
245 13 - MENCIÓN DEL TÍTULO
Título La artillería /
Mención de responsabilidad, etc. por Eduardo de Oliver-Copóns.
260 ## - PUBLICACIÓN, DISTRIBUCIÓN, ETC.
Lugar de publicación, distribución, etc. Madrid :
Nombre del editor, distribuidor, etc. imprenta del Cuerpo de Artillería,
Fecha de publicación, distribución, etc. 1897.
300 ## - DESCRIPCIÓN FÍSICA
Extensión 30 p. ;
Dimensiones 24 cm.
490 1# - MENCIÓN DE SERIE
Mención de serie Publicaciones del Memorial de artillería
530 ## - NOTA DISPONIBLE DE FORMULARIO FÍSICO ADICIONAL
Nota de formato físico adicional disponible Disponible en formato digital.
650 #4 - PUNTO DE ACCESO ADICIONAL DE MATERIA--TÉRMINO DE MATERIA
Término de materia o nombre geográfico como elemento de entrada Artillería.
9 (RLIN) 135626
830 0# - PUNTO DE ACCESO ADICIONAL DE SERIE-TÍTULO UNIFORME
Título uniforme Publicaciones del Memorial de artillería
9 (RLIN) 181853
852 ## - LOCALIZACIÓN
Ubicación ES-MaACL
Número de control de estantería T-849-F-5
Nota libre -- Enc. hol. conservando la cub. original
-- -- Enc. en un vol. facticio
856 ## - LOCALIZACIÓN Y ACCESO ELECTRÓNICOS
Identificador Uniforme de Recursos <a href="http://bdh-rd.bne.es/viewer.vm?id=0000092299&page=1 ">http://bdh-rd.bne.es/viewer.vm?id=0000092299&page=1 </a>
Nota pública Biblioteca Digital Hispánica
Holdings
Estatus retirado Estado de pérdida Estado de daño No para préstamo Colección Biblioteca de origen Biblioteca actual Ubicación en estantería Fecha de adquisición Total de préstamos Signatura topográfica completa Código de barras Visto por última vez Precio de reemplazo Tipo de ítem Koha
        Colección de folletos Biblioteca del Ateneo de Madrid Biblioteca del Ateneo de Madrid Depósito folletos 17/01/2008   T-849-F-5 1168583 23/02/2023 23/02/2023 Folleto